Catálogo

Ingeniería constitucional comparada : (Registro nro. 24815)

Detalles MARC
000 -LEADER
fixed length control field 01752cam a2200397 i 4500
001 - CONTROL NUMBER
control field 24815
003 - CONTROL NUMBER IDENTIFIER
control field Mx-PuUPA
005 - DATE AND TIME OF LATEST TRANSACTION
control field 20250625102100.0
008 - FIXED-LENGTH DATA ELEMENTS--GENERAL INFORMATION
fixed length control field 140415s2003 mx gr 001 0 spa d
020 ## - INTERNATIONAL STANDARD BOOK NUMBER
International Standard Book Number 9681667808
040 ## - CATALOGING SOURCE
Original cataloging agency Mx-PuUPA
Language of cataloging spa
Transcribing agency Mx-PuUPA
Modifying agency Mx-PuUPA
Description conventions rda
041 1# - LANGUAGE CODE
Language code of text/sound track or separate title spa
Language code of original eng
043 ## - GEOGRAPHIC AREA CODE
Geographic area code n-mx---
100 1# - MAIN ENTRY--PERSONAL NAME
Personal name Sartori, Giovanni,
Dates associated with a name 1924-2017
Relator term autor
9 (RLIN) 12749
240 10 - UNIFORM TITLE
Uniform title Comparative constitutional engineering: an inquiry into structure, incentives and outcomes.
Language of a work Español
245 10 - TITLE STATEMENT
Title Ingeniería constitucional comparada :
Remainder of title una investigación de estructuras, incentivos y resultados /
Statement of responsibility, etc. Giovanni Sartori ; traducción de Roberto Reyes Mazzoni
250 ## - EDITION STATEMENT
Edition statement Tercera edición
264 #1 - PRODUCTION, PUBLICATION, DISTRIBUTION, MANUFACTURE, AND COPYRIGHT NOTICE
Place of production, publication, distribution, manufacture México, D.F. :
Name of producer, publisher, distributor, manufacturer Fondo de Cultura Económica,
Date of production, publication, distribution, manufacture, or copyright notice 2003
-- ©1994
300 ## - PHYSICAL DESCRIPTION
Extent 247 páginas ;
Dimensions 21 cm
336 ## - CONTENT TYPE
Fuente rdacontent
Content type term texto
Content type code txt
337 ## - MEDIA TYPE
Source rdamedia
Media type term sin medio
Media type code n
338 ## - CARRIER TYPE
Source rdacarrier
Carrier type term volumen
Carrier type code nc
490 0# - SERIES STATEMENT
Series statement Política y Derecho
505 0# - FORMATTED CONTENTS NOTE
Miscellaneous information Posfacio
Title La transición de México, ¿hacia dónde? (Una agenda para la reforma)
650 #7 - SUBJECT ADDED ENTRY--TOPICAL TERM
Source of heading or term armarc
Topical term or geographic name entry element Derecho Constitucional
Geographic subdivision México
650 #7 - SUBJECT ADDED ENTRY--TOPICAL TERM
Source of heading or term armarc
Topical term or geographic name entry element Gobierno comparado
650 #7 - SUBJECT ADDED ENTRY--TOPICAL TERM
Source of heading or term armarc
Topical term or geographic name entry element Constituciones
Geographic subdivision América Latina
650 #7 - SUBJECT ADDED ENTRY--TOPICAL TERM
Source of heading or term armarc
Topical term or geographic name entry element Democracia
Geographic subdivision México
650 #7 - SUBJECT ADDED ENTRY--TOPICAL TERM
Source of heading or term armarc
Topical term or geographic name entry element Gobierno parlamentario
700 1# - ADDED ENTRY--PERSONAL NAME
Personal name Reyes Mazzoni, Roberto,
Relator term traductor
765 1# - ORIGINAL LANGUAGE ENTRY
Main entry heading Sartori, Giovanni
Title Comparative constitutional engineering: an inquiry into structure, incentives and outcomes
Place, publisher, and date of publication Nueva York : New York University Press, ©1994
International Standard Book Number 0814779743
942 ## - ADDED ENTRY ELEMENTS (KOHA)
Source of classification or shelving scheme Dewey Decimal Classification
Koha item type Libro
Classification part 320.472
Item part S2418
Existencias
Withdrawn status Lost status Source of classification or shelving scheme Damaged status Not for loan Collection code Home library Current library Shelving location Date acquired Source of acquisition Cost, normal purchase price Total Checkouts Full call number Barcode Date last seen Cost, replacement price Price effective from Koha item type
    Dewey Decimal Classification     General Biblioteca Karol Wojtyla Biblioteca Karol Wojtyla Sala general 25/06/2024 Donación 0.00   320.472 S2418 2003 46330 05/01/2026 0.00 03/12/2013 Libro